00270nam a2200109 a 450000500170000000800410001702000180005805000180007624500120009426000320010644000220013820140412111415.0070711s19uu xx 00 eng d a1-59394-287-7 aERbPo75 2004 aPonies. aChina :bBendon pub,c2004. aA moving eye book